|
|
|
|
| LEADER |
01532nam a22003973i 4500 |
| 001 |
EBC6978191 |
| 003 |
MiAaPQ |
| 005 |
20231204023224.0 |
| 006 |
m o d | |
| 007 |
cr cnu|||||||| |
| 008 |
231204s2013 xx o ||||0 eng d |
| 020 |
|
|
|a 9781922235237
|q (electronic bk.)
|
| 020 |
|
|
|z 9781922235220
|
| 035 |
|
|
|a (MiAaPQ)EBC6978191
|
| 035 |
|
|
|a (Au-PeEL)EBL6978191
|
| 035 |
|
|
|a (OCoLC)1375294459
|
| 040 |
|
|
|a MiAaPQ
|b eng
|e rda
|e pn
|c MiAaPQ
|d MiAaPQ
|
| 050 |
|
4 |
|a PR9617.32.V474 2013
|
| 100 |
1 |
|
|a Dawncy, Peter.
|
| 245 |
1 |
0 |
|a Verge 2013 :
|b Becoming.
|
| 250 |
|
|
|a 1st ed.
|
| 264 |
|
1 |
|a Melbourne :
|b Monash University Publishing,
|c 2013.
|
| 264 |
|
4 |
|c Ã2013.
|
| 300 |
|
|
|a 1 online resource (67 pages)
|
| 336 |
|
|
|a text
|b txt
|2 rdacontent
|
| 337 |
|
|
|a computer
|b c
|2 rdamedia
|
| 338 |
|
|
|a online resource
|b cr
|2 rdacarrier
|
| 490 |
1 |
|
|a Verge Creative Writing Series
|
| 588 |
|
|
|a Description based on publisher supplied metadata and other sources.
|
| 590 |
|
|
|a Electronic reproduction. Ann Arbor, Michigan : ProQuest Ebook Central, 2023. Available via World Wide Web. Access may be limited to ProQuest Ebook Central affiliated libraries.
|
| 655 |
|
4 |
|a Electronic books.
|
| 700 |
1 |
|
|a Eckhaus, Camille.
|
| 776 |
0 |
8 |
|i Print version:
|a Dawncy, Peter
|t Verge 2013
|d Melbourne : Monash University Publishing,c2013
|z 9781922235220
|
| 797 |
2 |
|
|a ProQuest (Firm)
|
| 830 |
|
0 |
|a Verge Creative Writing Series
|
| 856 |
4 |
0 |
|u https://ebookcentral.proquest.com/lib/matrademy/detail.action?docID=6978191
|z Click to View
|